Environment education: (Record no. 17420)

MARC details
000 -LEADER
fixed length control field 01355nam a22002894a 4500
005 - DATE AND TIME OF LATEST TRANSACTION
control field 20080729164931.0
008 - FIXED-LENGTH DATA ELEMENTS--GENERAL INFORMATION
fixed length control field 080416s2008 waua 001 0 eng
010 ## - LCCN (DPL NO)
LC control number ENG-91464-65
020 ## - INTERNATIONAL STANDARD BOOK NUMBER
International Standard Book Number 9788131304921 (set )
Terms of availability 2195.00(for set of 2 vols.)
035 ## - SYSTEM CONTROL NUMBER
System control number EN-74997-98
037 ## - SOURCE OF ACQUISITION
Source of stock number/acquisition DBAD / PUB
040 ## - CATALOGING SOURCE
Original cataloging agency DPL
Language of cataloging English
082 ## - DEWEY DECIMAL CLASSIFICATION NUMBER
Classification number 363.70071
100 ## - MAIN ENTRY--PERSONAL NAME
Personal name Basu, Saikat Kumar
245 ## - TITLE STATEMENT
Title Environment education:
Statement of responsibility, etc by Saikat Kumar Basu [and] Sudip Datta Banik
Remainder of title global issues and policies /
260 ## - PUBLICATION, DISTRIBUTION, ETC. (IMPRINT)
Place of publication, distribution, etc New Delhi
Name of publisher, distributor, etc APH Publishing
Date of publication, distribution, etc 2009
270 ## - ADDRESS
Address 4435-36/7, Ansari Road, Daryaganj,
City New Delhi
Postal code 110002
300 ## - PHYSICAL DESCRIPTION
Extent 2v. (xxxiii, 266p.; xxxiii, 267-565p.)
Dimensions 23 cm (Hb)
500 ## - GENERAL NOTE
General note Includes bibliographical references
500 ## - GENERAL NOTE
General note It is a set of 2 vols. and set price is Rs. 2195.00
650 ## - SUBJECT ADDED ENTRY--TOPICAL TERM
Topical term or geographic name as entry element Environmental education
650 ## - SUBJECT ADDED ENTRY--TOPICAL TERM
Topical term or geographic name as entry element Environmental pollution
700 ## - ADDED ENTRY--PERSONAL NAME
Personal name Banik, Sudip Datta
942 ## - ADDED ENTRY ELEMENTS (KOHA)
Source of classification or shelving scheme Dewey Decimal Classification
Item type English Books
Call number suffix BAS
Classification part 363.70071
Holdings
Withdrawn status Lost status Source of classification or shelving scheme Materials specified (bound volume or other part) Damaged status Not for loan Collection code Home library Current library Date acquired Source of acquisition Cost, normal purchase price Total Checkouts Full call number Barcode Date last seen Copy number Cost, replacement price Koha item type Public note
    Dewey Decimal Classification v.1   Not For Loan Non-fiction D.B.Act.Division D.B.Act.Division 03/11/2008 DBAD / PUB 2195.00   363.70071 BAS EN-74997 03/11/2008 1 2195.00 English Books v.1
    Dewey Decimal Classification v.2   Not For Loan Non-fiction D.B.Act.Division D.B.Act.Division 03/11/2008 DBAD / PUB 2195.00   363.70071 BAS EN-74998 03/11/2008 1 2195.00 English Books  

© Delhi Public Library
Hit Counter
free hit counter